Sports Quiz

Random Sports Quiz
Score 0/99 Timer 10:00
0 Plays Today
# Name % Correct
2*Cooper Webb
96%
1 (450SX)Jason Anderson
92%
1 (450MX)Eli Tomac
92%
3*Eli Tomac
92%
21*Jason Anderson
92%
1 (250SX East)Zach Osborne
84%
1 (250SX West)Aaron Plessinger
84%
1 (250MX)Aaron Plessinger
84%
4*Blake Baggett
84%
7*Aaron Plessinger
84%
16*Zach Osborne
84%
94*Ken Roczen
84%
10*Justin Brayton
80%
15*Dean Wilson
80%
6*Jeremy Martin
76%
22*Chad Reed
76%
14*Cole Seely
72%
23*Chase Sexton
72%
25*Marvin Musquin
72%
51*Justin Barcia
72%
17*Joey Savatgy
68%
24Austin Forkner
68%
26*Alex Martin
68%
27*Malcolm Stewart
68%
20*Broc Tickle
64%
46*Justin Hill
64%
92*Adam Cianciarulo
60%
12*Shane McElrath
56%
18*Weston Peick
56%
32Justin Cooper
56%
19*Justin Bogle
52%
28Jordon Smith
52%
33*Josh Grant
52%
# Name % Correct
48Cody Cooper
52%
34Dylan Ferrandis
48%
42Vince Friese
48%
73Martin Davalos
48%
11*Kyle Chisholm
44%
31RJ Hampshire
44%
44Cameron McAdoo
40%
64Jimmy Decotis
40%
38Christian Craig
36%
41Ben LaMay
36%
43Tyler Bowers
36%
61Garrett Marchbanks
36%
29Benny Bloss
32%
36Michael Mosiman
32%
39Colt Nichols
32%
62Alex Ray
32%
69Jake Masterpool
32%
97Adam Enticknap
28%
45Brandon Hartranft
24%
55Kyle Peters
24%
60Justin Starling
24%
40Sean Cantrell
20%
52Jordan Bailey
20%
66Mitchell Oldenburg
20%
63John Short
16%
70Josh Osby
16%
37Kyle Cunningham
12%
54Dylan Merriam
12%
57Bradley Taft
12%
72Martin Castelo
12%
35Mitchell Harrison
8%
49Henry Miller
8%
56Lorenzo Locurcio
8%
# Name % Correct
71Cole Martinez
8%
80Heath Harrison
8%
81Josh Cartwright
8%
89Joey Crown
8%
90Jeremy Hand
8%
96Chase Marquier
8%
99Austin Politelli
8%
30Phil Nicoletti
4%
47Hayden Mellross
4%
50Luke Renzland
4%
53Dakota Alix
4%
58Brandon Scharer
4%
59Nick Gaines
4%
65Anthony Rodriguez
4%
67Enzo Lopes
4%
68Brandon Leith
4%
74Cade Autenrieth
4%
75Cody VanBuskirk
4%
76Jacob Williamson
4%
77Challen Tennant
4%
78Ramyller Alves
4%
79Jean Carlo Ramos
4%
82Justin Hoeft
4%
83Killian Auberson
4%
84Tyler Medaglia
4%
85Dare DeMartile
4%
86Ryan Breece
4%
87Dakota Tedder
4%
88Chris Canning
4%
91Zack Williams
4%
93Blake Wharton
4%
95Jake Nicholls
4%
98Wilson Fleming
4%

You're not logged in!

Compare scores with friends on all Sporcle quizzes.
OR
Log In

Sporcle TV

Today on Sporcle TV


Watch our educational content, quiz creation guides, and fun videos on Sporcle TV.

Show Comments

Extras

Created Oct 4, 2019ReportNominate
Tags:2019, ama, motocross, national, Supercross

Top Quizzes Today


Score Distribution

Paid Content

Your Account Isn't Verified!

In order to create a playlist on Sporcle, you need to verify the email address you used during registration. Go to your Sporcle Settings to finish the process.

Report this User

Report this user for behavior that violates our Community Guidelines.

Details: